000 00409nam a2200145Ia 4500
008 220217s9999||||xx |||||||||||||| ||und||
020 _a9780070658981
082 _a621.3678
100 _aChang, Kang Tsung
_93530
245 0 _aIntroduction to geographic information systems
250 _a4
260 _aMcgraw hill book company
_bNew Delhi
_c2017
300 _aXIV, 450p.
_b810
650 _aRadar
_92033
999 _c188031
_d188031